|
|
|
|
| LEADER |
01116nta a2200253 i 4500 |
| 001 |
dokt12201 |
| 005 |
20250512120441.0 |
| 008 |
240517s2024 hu om 000 hun d |
| 024 |
7 |
|
|a 10.14232/phd.12201
|2 doi
|
| 024 |
7 |
|
|a 35790812
|2 mtmt
|
| 040 |
|
|
|a SZTE Doktori Repozitórium
|b hun
|
| 041 |
|
|
|a hun
|
| 100 |
1 |
|
|a Zsíros Szanna
|
| 245 |
1 |
0 |
|a Kozmikus porképződés vizsgálata szupernóva–robbanások környezetében
|h [elektronikus dokumentum] /
|c Zsíros Szanna
|
| 246 |
1 |
0 |
|a Studying cosmic dust formation in the environment of supernova explosions
|h [elektronikus dokumentum]
|
| 260 |
|
|
|c 2024-12-02
|
| 300 |
|
|
|a 124
|
| 502 |
|
|
|a Disszertacio
|
| 650 |
|
4 |
|a fizikai tudományok
|
| 650 |
|
4 |
|a Csillagászat
|
| 700 |
0 |
1 |
|a Szalai Tamás
|e ths
|
| 856 |
4 |
0 |
|u https://doktori.bibl.u-szeged.hu/id/eprint/12201/1/Zsiros_Szanna_PhD_2024.pdf
|z Dokumentum-elérés
|
| 856 |
4 |
0 |
|u https://doktori.bibl.u-szeged.hu/id/eprint/12201/2/Zsiros_Szanna_PhD_2024_tezisfuzet_magyar.pdf
|z Dokumentum-elérés
|
| 856 |
4 |
0 |
|u https://doktori.bibl.u-szeged.hu/id/eprint/12201/3/Zsiros_Szann_PhD_2024_tezisfuzet_angol.pdf
|z Dokumentum-elérés
|